000 01722nam0a2200349 4500
001 RU\NLR\bibl\507698
005 20260407094845.0
010 _a5-93972-278-4
_92000
035 _a(NLR Aleph) 000500231
090 _a1168914
_c1168914
100 _a20040405d2003 |||y0rusy50 ca
101 1 _arus
_cfre
102 _aRU
105 _ay |||||||||
200 1 _aЧеловек перед лицом неопределенности
_e[Сб. докл., представл. на семинаре Брюссел. свобод. ун-та "Науч. мысль" в 1997 г.]
_fПер. с фр. В.В. Шуликовской
_gИлья Пригожин (ред.)
210 _aМ.
_aИжевск
_cИн-т компьютер. исслед.
_d2003
215 _a303 с.
_d20
225 1 _aProgramme A. Pouchkine
300 _aЗагл. ориг.: L'Homme devant l'incertain
320 _aБиблиогр. в конце ст.
454 0 _12001#$aL'Homme devant l'incertain
_tL'Homme devant l'incertain
606 0 _aЕстественно-научное познание
_jСъезды, совещания и т.п.
_91992084
_3RU\NLR\auth\66914680
606 0 _aСуществование человека
_jСборники
_91301747
_3RU\NLR\auth\66539219
686 _aБ.в51я431
686 _aЮ216я43
702 1 _4340
_7ca
_8rus
_aПригожин
_bИ. P.
_f1917-2003
_gИлья Романович
_914720
_3RU\NLR\auth\7731710
711 0 2 _aСвободный университет
_bСеминар "Научная мысль"
_bСессия
_cБрюссель
_f1997
_9605867
_3RU\NLR\AUTH\8810052721
801 0 _aRU
_bNLR
_c20040405
_gPSBO
801 1 _aRU
_bNLR
_c20040405
942 _cBOOK
980 _aNB